000 00750nam a22002297a 4500
003 UA-OsUOA
001 36388
007 ta
008 20060123b un ||||| |||| 00| 0 ukr d
090 _a94(477)
_bО-61
942 _cBK
040 _aUA-OsUOA
_bukr
_cUA-OsUOA
_dUA-OsUOA
245 _aОписи Харківського намісництва кінця XVIII ст.
_bОписово-статистичні джерела АН УРСР
_cУпорядн. В.О. Пірко, О.І. Гуржій
300 _a220 с.
955 _a2
041 _aukr
080 _a94(477)
020 _a5-12-00201-0
260 _aК.
_bНаук. думка
_c1991
650 7 _a9 Географія. Біографії. Історія
_2UDC
999 _c322625
_d322625